[Event "St Veit op-B 38th"]
[Site "St Veit"]
[Date "2019.07.09"]
[Round "5"]
[White "Isola, Gernot"]
[Black "Pruesse, Horst"]
[Result "0-1"]
[WhiteElo "1867"]
[BlackElo "2020"]
[PlyCount "84"]
[EventDate "2019.07.06"]
[EventType "swiss"]
[EventRounds "9"]
[EventCountry "AUT"]
[SourceTitle "EXT 2021"]
[Source "ChessBase"]
[SourceDate "2020.10.23"]
[SourceVersion "1"]
[SourceVersionDate "2020.10.23"]
[SourceQuality "1"]

1. e4 e6 2. d4 d5 3. exd5 exd5 4. Nf3 Nf6 5. Bd3 c5 6. c3 Nc6 7. 0-0 cxd4 8. cxd4 Be7 9. h3 0-0 10. Nc3 Be6 11. Bf4 Qb6 12. Qd2 Kh8 13. Na4 Qb4 14. Qxb4 Nxb4 15. Be2 Ne4 16. a3 Nc6 17. Rac1 Rac8 18. Nc5 Nxd4 19. Nxd4 Bxc5 20. Be3 Bd7 21. b4 Bb6 22. Nb3 Ng3 23. Rfe1 Bxe3 24. fxe3 Rxc1 25. Nxc1 Nxe2+ 26. Nxe2 Rc8 27. Rd1 Be6 28. Kf2 g5 29. Rc1 Rxc1 30. Nxc1 h5 31. Nd3 b6 32. Ne5 a5 33. bxa5 bxa5 34. Ke2 Kg7 35. Nc6 a4 36. Kd3 Bf5+ 37. Ke2 Kf6 38. Nd8 h4 39. Nb7 Ke5 40. Nc5 Bc2 41. Kd2 Be4 42. Nxe4 Kxe4 0-1

[Event "Feffernitz op 26th"]
[Site "Feffernitz"]
[Date "2017.08.26"]
[Round "8"]
[White "Isola, Gernot"]
[Black "Heyde, Frank"]
[Result "1/2-1/2"]
[WhiteElo "1922"]
[BlackElo "1812"]
[PlyCount "43"]
[EventDate "2017.08.20"]
[EventType "swiss"]
[EventRounds "9"]
[EventCountry "AUT"]
[SourceTitle "CBM 180 Extra"]
[Source "ChessBase"]
[SourceDate "2017.10.06"]
[SourceVersion "1"]
[SourceVersionDate "2017.10.06"]
[SourceQuality "1"]

1. e4 c5 2. Nf3 e6 3. d4 cxd4 4. Nxd4 a6 5. c4 Nf6 6. Nc3 Bb4 7. Qc2 Nc6 8. Nxc6 dxc6 9. Bg5 Qd4 10. Bd3 Nd7 11. Be3 Qf6 12. 0-0 e5 13. f4 Bc5 14. Bxc5 Nxc5 15. f5 b6 16. b4 Nd7 17. a4 a5 18. b5 cxb5 19. cxb5 Bb7 20. Nd5 Bxd5 21. exd5 Nc5 22. Bc4 1/2-1/2

[Event "Feffernitz op 26th"]
[Site "Feffernitz"]
[Date "2017.08.24"]
[Round "6"]
[White "Isola, Gernot"]
[Black "Pavlov, Mikhail"]
[Result "1/2-1/2"]
[WhiteElo "1922"]
[BlackElo "1808"]
[PlyCount "50"]
[EventDate "2017.08.20"]
[EventType "swiss"]
[EventRounds "9"]
[EventCountry "AUT"]
[SourceTitle "CBM 180 Extra"]
[Source "ChessBase"]
[SourceDate "2017.10.06"]
[SourceVersion "1"]
[SourceVersionDate "2017.10.06"]
[SourceQuality "1"]

1. e4 e6 2. d4 d5 3. e5 c5 4. c3 Qa5 5. Bd2 Qb6 6. Qb3 cxd4 7. Qxb6 axb6 8. cxd4 Nc6 9. Nf3 Nge7 10. Na3 Nf5 11. Nb5 Kd8 12. g4 Nh6 13. h3 Nb4 14. Kd1 Rxa2 15. Rxa2 Nxa2 16. Kc2 Nb4+ 17. Kb3 Na6 18. Bd3 Bd7 19. Bg5+ Ke8 20. Ra1 Bc6 21. Nc3 Nc7 22. Na4 Na8 23. Nc3 Nc7 24. Na4 Na8 25. Nc3 Nc7 1/2-1/2

[Event "Latschach op 28th"]
[Site "Latschach"]
[Date "2012.08.14"]
[Round "5"]
[White "Salmoiraghi, Angelo"]
[Black "Isola, Gernot"]
[Result "1-0"]
[WhiteElo "2180"]
[BlackElo "1987"]
[PlyCount "61"]
[EventDate "2012.08.11"]
[EventType "swiss"]
[EventRounds "9"]
[EventCountry "AUT"]
[SourceTitle "CBM 149 Extra"]
[Source "ChessBase"]
[SourceDate "2012.08.24"]
[SourceVersion "1"]
[SourceVersionDate "2012.08.24"]
[SourceQuality "1"]

1. c4 e6 2. g3 f5 3. Bg2 Nf6 4. Nf3 d5 5. 0-0 Bd6 6. d3 c6 7. Nc3 0-0 8. e4 fxe4 9. dxe4 dxe4 10. Ng5 Qe7 11. Ngxe4 Bc7 12. Qc2 Nbd7 13. b3 Nxe4 14. Nxe4 Nf6 15. Bb2 e5 16. Rae1 Bf5 17. Qc1 Nxe4 18. Bxe4 Bxe4 19. Rxe4 Rf3 20. Re3 Raf8 21. Qc3 Qf7 22. Rxf3 Qxf3 23. Qxf3 Rxf3 24. Re1 Bb6 25. Re2 e4 26. Kg2 g5 27. b4 Rd3 28. c5 Bc7 29. Rxe4 Rd2 30. Bc1 Rxa2 31. Re7 1-0

[Event "Latschach op 27th"]
[Site "Latschach"]
[Date "2011.08.14"]
[Round "3"]
[White "Niedermeier, Thomas"]
[Black "Isola, Gernot"]
[Result "1-0"]
[WhiteElo "2153"]
[BlackElo "1993"]
[PlyCount "93"]
[EventDate "2011.08.13"]
[EventType "swiss"]
[EventRounds "9"]
[EventCountry "AUT"]
[SourceTitle "CBM 143 Extra"]
[Source "ChessBase"]
[SourceDate "2011.08.29"]
[SourceVersion "1"]
[SourceVersionDate "2011.08.29"]
[SourceQuality "1"]

1. e4 e6 2. d4 d5 3. Nd2 c5 4. exd5 Qxd5 5. Ngf3 cxd4 6. Bc4 Qd6 7. 0-0 Nf6 8. Nb3 Nc6 9. Nbxd4 Nxd4 10. Nxd4 a6 11. Be3 Qc7 12. Bb3 Bd6 13. h3 Bd7 14. Qf3 0-0-0 15. Rfd1 Kb8 16. a4 Qa5 17. Nb5 Bc6 18. Ba7+ Kc8 19. Nxd6+ Rxd6 20. Qg3 Ne4 21. Qxg7 Qd8 22. Rxd6 Nxd6 23. g3 Rg8 24. Qd4 Nf5 25. Qxd8+ Rxd8 26. Bb6 Rd2 27. Ba5 Rd7 28. Bc3 Nd4 29. Bxd4 Rxd4 30. h4 Bd5 31. Bxd5 Rxd5 32. b3 a5 33. Kf1 Kc7 34. Re1 Kc6 35. Re4 b5 36. axb5+ Rxb5 37. Rc4+ Kd6 38. g4 Rb4 39. Rxb4 axb4 40. Ke2 Ke5 41. Ke3 h6 42. f4+ Kd5 43. h5 e5 44. g5 exf4+ 45. Kxf4 hxg5+ 46. Kxg5 Ke6 47. h6 1-0

[Event "Jacques Lemans op 23rd"]
[Site "St Veit"]
[Date "2004.07.11"]
[Round "2"]
[White "Isola, Gernot"]
[Black "Enzendorfer, Alfred"]
[Result "0-1"]
[WhiteElo "2052"]
[BlackElo "2194"]
[PlyCount "50"]
[EventDate "2004.07.10"]
[EventType "swiss"]
[EventRounds "9"]
[EventCountry "AUT"]
[SourceTitle "CBM 101 Extra"]
[Source "ChessBase"]
[SourceDate "2004.09.01"]
[SourceVersion "2"]
[SourceVersionDate "2004.09.01"]
[SourceQuality "1"]

1. e4 c5 2. Nf3 Nc6 3. d4 cxd4 4. Nxd4 Nf6 5. f3 d5 6. Nxc6 bxc6 7. exd5 cxd5 8. Bb5+ Bd7 9. Bxd7+ Qxd7 10. Qd4 e6 11. Bg5 Be7 12. Nc3 0-0 13. 0-0 Rfc8 14. Kh1 h6 15. Bh4 Rc4 16. Qf2 Rac8 17. Rad1 Qb7 18. Rfe1 Qxb2 19. Nxd5 Nxd5 20. Bxe7 Nxe7 21. Qxa7 Nd5 22. Rb1 Qxc2 23. Rb7 R4c7 24. h3 Qd2 25. Reb1 Rc1+ 0-1

[Event "Feffernitz Raika op 06th"]
[Site "Feffernitz"]
[Date "1997.08.17"]
[Round "?"]
[White "Arztmann, Wolfgang"]
[Black "Isola, Gernot"]
[Result "1-0"]
[WhiteElo "2020"]
[BlackElo "1609"]
[PlyCount "50"]
[EventDate "1997.08.??"]
[EventType "swiss"]
[EventRounds "9"]
[EventCountry "AUT"]
[SourceTitle "EXT 2004"]
[Source "ChessBase"]
[SourceDate "2003.11.25"]
[SourceVersion "1"]
[SourceVersionDate "2003.11.25"]
[SourceQuality "1"]

1. Nf3 d5 2. b3 Nf6 3. Bb2 g6 4. e3 Bg7 5. Be2 c5 6. 0-0 0-0 7. Ne5 Nbd7 8. d4 Qc7 9. Nd2 b6 10. c4 Bb7 11. f4 Rac8 12. Bd3 Rfd8 13. f5 Nxe5 14. dxe5 Ne4 15. fxg6 hxg6 16. Qf3 Ng5 17. Qf4 dxc4 18. Ne4 Nxe4 19. Qxf7+ Kh8 20. Bxe4 Bxe4 21. Rf4 g5 22. Rxe4 Qc6 23. Rg4 Rf8 24. Qxe7 Rcd8 25. Qxg5 Rg8 1-0